000 01141nam a2200325 4500
001 246
003 OSt
005 20250528074016.0
008 250206b |||||||e |||| 00| 1 eng d
020 _a8526705946
040 _bpor
041 _heng
_apor
082 _a823
_bF667f
100 1 _aFollett, Ken,
_d1949-
_9453
240 _aA dangerous fortune
245 _aUma fortuna perigosa /
_cFollett, Ken ; Tradução de A. B. Pinheiro de Lemos
250 _a4° edição
260 _aRio de Janeiro
_bSiciliano
_c1993
300 _a479 p.
520 _aUma história envolvendo jogo de poder, ambição, riqueza, traição, homossexualidade, desejo e paixão. Tudo começa com o assassinato de um garoto afogado num poço numa tarde quente de 1866. Os integrantes de uma rica família vitoriana e um ambicioso embaixador compõem o centro da trama.
650 0 _aLiteratura Inglesa
_989
650 0 _aHistórico
_953
650 0 _aDrama
_918
650 0 _aÉpoca
_931
650 0 _aMistério
_942
655 0 _aRomance
_923
655 0 _aFicção
_922
700 _aA. B. Pinheiro de Lemos
_eTradutor
_9109
942 _2ddc
_n0
_cBK
999 _c246
_d246